[Event "2015 Calgary International"]
[Site "Calgary"]
[Date "2015.08.01"]
[Round "5.5"]
[White "Gardner, Robert"]
[Black "Collyer, Curt"]
[Result "1-0"]
[WhiteElo "2138"]
[BlackElo "2262"]
[PlyCount "135"]
[EventDate "2015.07.29"]
[EventType "swiss"]
[EventRounds "9"]
[EventCountry "CAN"]

1. d4 e6 2. c4 f5 3. f3 Nf6 4. Nc3 Bb4 5. Qc2 O-O 6. a3 Bxc3+ 7. Qxc3 b6 8. e3
Bb7 9. Bd3 Nh5 10. Nh3 Qh4+ 11. Nf2 Qg5 12. Kf1 Qf6 13. b3 d6 14. Bb2 Nd7 15.
Qc2 Qg5 16. Re1 Rae8 17. Nh3 Qh4 18. Qf2 Qd8 19. Nf4 Nhf6 20. d5 Nc5 21. Bc2
exd5 22. b4 Ne6 23. Nxe6 Rxe6 24. Bxf5 Ree8 25. Qh4 h6 26. Bd3 dxc4 27. Qxc4+
d5 28. Qc3 Qd6 29. b5 Qc5 30. Qxc5 bxc5 31. Ke2 Re6 32. Kd2 Rb6 33. a4 c4 34.
Bc2 c5 35. Be5 Re6 36. Bg3 Nd7 37. a5 Nf6 38. Bf5 Ree8 39. Bd6 Rc8 40. Bxf8
Rxf8 41. Rb1 Rb8 42. a6 Ba8 43. Kc3 Kf7 44. Rb2 Rb6 45. Re1 Ne8 46. Bd7 Nd6 47.
Reb1 Ke7 48. Bc6 Bxc6 49. bxc6 Rxa6 50. Rb7+ Kf6 51. c7 Ra3+ 52. Kd2 Ke6 53.
Rb8 Ra2+ 54. R1b2 Rxb2+ 55. Rxb2 Kd7 56. Ra2 Kxc7 57. Rxa7+ Kc6 58. Rxg7 d4 59.
exd4 cxd4 60. Rg6 Kc5 61. Rxh6 Nb5 62. h4 Na3 63. Rh8 d3 64. Rc8+ Kd4 65. Rd8+
Kc5 66. h5 Nb1+ 67. Kc1 Nc3 68. h6 1-0

[Event "2015 Calgary International"]
[Site "Calgary"]
[Date "2015.08.01"]
[Round "5.5"]
[White "Piasetski, Leon"]
[Black "Haessel, Dale"]
[Result "1/2-1/2"]
[WhiteElo "2289"]
[BlackElo "2180"]
[PlyCount "109"]
[EventDate "2015.07.29"]
[EventType "swiss"]
[EventRounds "9"]
[EventCountry "CAN"]

1. c4 c5 2. Nc3 g6 3. g3 Bg7 4. Bg2 Nc6 5. d3 Nf6 6. e4 d6 7. Nge2 O-O 8. O-O
Ne8 9. Be3 Nc7 10. d4 cxd4 11. Nxd4 Ne5 12. b3 Ng4 13. Bc1 Ne6 14. Qxg4 Nxd4
15. Qd1 Ne2+ 16. Qxe2 Bxc3 17. Bb2 Bxb2 18. Qxb2 a5 19. e5 Ra6 20. Rad1 Qc7 21.
Rd5 a4 22. Rfd1 dxe5 23. Qxe5 Qxe5 24. Rxe5 axb3 25. axb3 Rb6 26. Rd3 Be6 27.
Ra5 Rc8 28. h3 Rb4 29. g4 Rb8 30. f4 b5 31. c5 Rxb3 32. Rxb3 Bxb3 33. c6 Be6
34. f5 gxf5 35. gxf5 Bxf5 36. c7 Rf8 37. Rxb5 Bc8 38. Rg5+ Kh8 39. Rd5 Kg7 40.
Rd8 Ba6 41. Bc6 f6 42. Bd7 f5 43. Rxf8 Kxf8 44. Bxf5 e6 45. Bxe6 Ke7 46. c8=Q
Bxc8 47. Bxc8 h5 48. h4 Kf6 49. Kf2 Kg7 50. Kg3 Kf6 51. Kf4 Kg7 52. Kg5 Kh8 53.
Kh6 Kg8 54. Be6+ Kh8 55. Bf7 1/2-1/2

[Event "2015 Calgary International"]
[Site "Calgary"]
[Date "2015.08.01"]
[Round "5.7"]
[White "Kazmaier, Daniel"]
[Black "Richardson, Kai"]
[Result "1-0"]
[WhiteElo "2198"]
[BlackElo "1775"]
[PlyCount "34"]
[EventDate "2015.07.29"]
[EventType "swiss"]
[EventRounds "9"]
[EventCountry "CAN"]

1. c4 c6 2. Nf3 d5 3. e3 Nf6 4. Nc3 e6 5. d4 Be7 6. Bd3 O-O 7. b3 c5 8. O-O Nc6
9. Ne5 Qc7 10. f4 cxd4 11. Nxc6 dxc3 12. Nxe7+ Qxe7 13. Qc2 dxc4 14. bxc4 Qc5
15. Qxc3 b5 16. Ba3 Qxe3+ 17. Kh1 Rd8 1-0

[Event "2015 Calgary International"]
[Site "Calgary"]
[Date "2015.08.01"]
[Round "5.8"]
[White "Daniluk, Jim"]
[Black "Kostadinov, Georgi"]
[Result "0-1"]
[WhiteElo "1978"]
[BlackElo "2089"]
[PlyCount "68"]
[EventDate "2015.07.29"]
[EventType "swiss"]
[EventRounds "9"]
[EventCountry "CAN"]

1. d4 d5 2. c4 c6 3. Nf3 Nf6 4. e3 a6 5. c5 b6 6. b4 Bg4 7. Qc2 Nfd7 8. Bb2 e5
9. e4 dxe4 10. Nxe5 Nxe5 11. Qxe4 bxc5 12. Qxe5+ Qe7 13. Qxe7+ Bxe7 14. dxc5 a5
15. a3 O-O 16. f3 Be6 17. Nc3 Bf6 18. Be2 Nd7 19. O-O Rfb8 20. Rfd1 axb4 21.
axb4 Rxa1 22. Rxa1 Rxb4 23. Ra8+ Nf8 24. Ba1 Bd4+ 25. Kf1 Rb3 26. Nd1 Bxc5 27.
Bc3 Bd5 28. Be1 Bd4 29. Rd8 g6 30. Bh4 Kg7 31. Be7 Ne6 32. Rc8 Nf4 33. Ba6 Rb1
34. Be2 Bc4 0-1

[Event "2015 Calgary International"]
[Site "Calgary"]
[Date "2015.08.01"]
[Round "5.9"]
[White "Nguyen, Kim"]
[Black "Wang, Jeff"]
[Result "0-1"]
[WhiteElo "2113"]
[BlackElo "1666"]
[PlyCount "117"]
[EventDate "2015.07.29"]
[EventType "swiss"]
[EventRounds "9"]
[EventCountry "CAN"]

1. e4 c5 2. Nf3 d6 3. Bb5+ Bd7 4. Bxd7+ Qxd7 5. c4 Nc6 6. O-O g6 7. Nc3 Bg7 8.
d4 Nxd4 9. Nxd4 Bxd4 10. Nd5 e6 11. Nf4 Bg7 12. Rb1 a5 13. a3 Ne7 14. b4 axb4
15. axb4 cxb4 16. Rxb4 Nc6 17. Rb6 O-O 18. Be3 Ra1 19. Qb3 Rxf1+ 20. Kxf1 Ne5
21. Qb4 Qc7 22. Rxb7 Qxc4+ 23. Qxc4 Nxc4 24. Bc1 Rc8 25. Nd3 Ne5 26. Ba3 Nxd3
27. Bxd6 Be5 28. Bxe5 Nxe5 29. f4 Ng4 30. f5 Nxh2+ 31. Kf2 Ng4+ 32. Kg3 exf5
33. exf5 Nf6 34. fxg6 hxg6 35. Kf3 Kg7 36. g3 Rc5 37. Ra7 Rf5+ 38. Kg2 g5 39.
Ra8 Kg6 40. Ra6 Re5 41. Kf3 Re6 42. Ra7 Nh5 43. Ra8 f5 44. g4 fxg4+ 45. Kxg4
Ng7 46. Ra4 Rf6 47. Ra5 Rf4+ 48. Kh3 Nf5 49. Ra8 Kh5 50. Rh8+ Nh6 51. Rh7 g4+
52. Kg3 Rf5 53. Rg7 Rg5 54. Rh7 Kg6 55. Rh8 Ra5 56. Rb8 Ra3+ 57. Kg2 Nf5 58.
Rb5 Ra2+ 59. Kf1 0-1

[Event "2015 Calgary International"]
[Site "Calgary"]
[Date "2015.08.01"]
[Round "5.10"]
[White "Yao, Sammy"]
[Black "Sklenka, Steve"]
[Result "1-0"]
[WhiteElo "2041"]
[BlackElo "1440"]
[PlyCount "113"]
[EventDate "2015.07.29"]
[EventType "swiss"]
[EventRounds "9"]
[EventCountry "CAN"]

1. c4 e5 2. g3 Nf6 3. Bg2 Be7 4. Nc3 O-O 5. b3 c6 6. Nf3 d6 7. O-O h6 8. c5 e4
9. cxd6 Bxd6 10. Ne1 Bf5 11. Nc2 Re8 12. Ne3 Bh7 13. Bb2 Nbd7 14. Nc4 Bc7 15.
a4 a5 16. Ba3 Qb8 17. b4 b5 18. Ne3 Be5 19. axb5 cxb5 20. bxa5 Rxa5 21. Bb4
Rxa1 22. Qxa1 Nb6 23. Qa6 Bxc3 24. Bxc3 Nbd5 25. Bxf6 Nxf6 26. Rb1 b4 27. Qc4
Qd6 28. Qxb4 Qxb4 29. Rxb4 g5 30. Bh3 Re5 31. Rb6 Kg7 32. Rxf6 Kxf6 33. Ng4+
Ke6 34. Nxe5+ Kxe5 35. Bd7 f6 36. Kg2 Bg6 37. f3 Kd4 38. fxe4 Bxe4+ 39. Kf2 Bb7
40. Bf5 Ke5 41. Bc2 Bc8 42. Ke3 Bb7 43. d4+ Kd6 44. Be4 Bc8 45. Bf3 Bf5 46. Kd2
Bg6 47. e4 Ke7 48. Kc3 Kd6 49. Kc4 Bf7+ 50. Kb5 Be8+ 51. Kb6 Bd7 52. Kb7 Bc6+
53. Kc8 Ke7 54. d5 Bd7+ 55. Kc7 Bh3 56. d6+ Ke8 57. Bh5+ 1-0

[Event "2015 Calgary International"]
[Site "Calgary"]
[Date "2015.08.01"]
[Round "6.1"]
[White "Lenderman, Aleksandr"]
[Black "Mikhalevski, Victor"]
[Result "1-0"]
[WhiteElo "2623"]
[BlackElo "2526"]
[PlyCount "93"]
[EventDate "2015.07.29"]
[EventType "swiss"]
[EventRounds "9"]
[EventCountry "CAN"]

1. c4 e5 2. g3 c6 3. Nf3 e4 4. Nd4 Nf6 5. Bg2 d5 6. d3 Bb4+ 7. Nc3 O-O 8. O-O
e3 9. fxe3 dxc4 10. Nc2 Bxc3 11. bxc3 Bg4 12. Qd2 Na6 13. Nd4 Re8 14. Rb1 Qd7
15. e4 c5 16. Nf5 cxd3 17. exd3 Bxf5 18. exf5 Rab8 19. g4 b5 20. g5 Nd5 21. Be4
b4 22. Bb2 bxc3 23. Bxc3 Nxc3 24. Qxc3 Qd6 25. Qc4 Rf8 26. g6 Rbd8 27. Rb7 Qd4+
28. Rf2 Qxc4 29. dxc4 fxg6 30. fxg6 hxg6 31. Bd5+ Kh7 32. Rxf8 Rxf8 33. a3 Rf6
34. Rxa7 Nb8 35. a4 Na6 36. a5 Nb4 37. Rc7 Nc2 38. Rc6 Rf4 39. Re6 Kh6 40. a6
Nd4 41. a7 Rg4+ 42. Kh1 Nxe6 43. Bxe6 Re4 44. a8=Q Re1+ 45. Kg2 Re2+ 46. Kg3
Rxe6 47. Qh8+ 1-0

[Event "2015 Calgary International"]
[Site "Calgary"]
[Date "2015.08.01"]
[Round "6.2"]
[White "Roiz, Michael"]
[Black "Yam, Alex"]
[Result "1-0"]
[WhiteElo "2595"]
[BlackElo "2306"]
[PlyCount "65"]
[EventDate "2015.07.29"]
[EventType "swiss"]
[EventRounds "9"]
[EventCountry "CAN"]

1. Nf3 Nf6 2. c4 g6 3. Nc3 Bg7 4. e4 c5 5. d4 cxd4 6. Nxd4 Nc6 7. Nc2 O-O 8.
Be2 d6 9. O-O Nd7 10. Bd2 a5 11. Qc1 Re8 12. Bh6 Bh8 13. Qd2 Nc5 14. Rab1 Be6
15. b3 Qb6 16. Rfe1 Nb4 17. Bf1 Nxc2 18. Qxc2 Rac8 19. Nd5 Bxd5 20. exd5 Ra8
21. h4 Nd7 22. Be3 Bd4 23. Qd2 Bxe3 24. Rxe3 a4 25. b4 Qc7 26. h5 Nf6 27. hxg6
hxg6 28. Rh3 Qd7 29. Qh6 Nh5 30. Be2 Qf5 31. Rf1 Qf6 32. Bxh5 gxh5 33. Rg3+ 1-0

[Event "2015 Calgary International"]
[Site "Calgary"]
[Date "2015.08.01"]
[Round "6.3"]
[White "Humphreys, Michael"]
[Black "Shabalov, Alexander"]
[Result "0-1"]
[WhiteElo "2207"]
[BlackElo "2538"]
[PlyCount "56"]
[EventDate "2015.07.29"]
[EventType "swiss"]
[EventRounds "9"]
[EventCountry "CAN"]

1. d4 Nf6 2. c4 Nc6 3. Nf3 e6 4. g3 d6 5. Bg2 g6 6. Nc3 Bg7 7. O-O O-O 8. Bf4
Nd7 9. Rc1 e5 10. dxe5 Ndxe5 11. Nxe5 Nxe5 12. b3 Rb8 13. Qd2 Bd7 14. Rfd1 Bc6
15. Nd5 b6 16. Bg5 f6 17. Be3 Ba8 18. Nf4 Bxg2 19. Kxg2 Qc8 20. Qd5+ Rf7 21.
Bd4 Bh6 22. e3 Qf5 23. f3 Re8 24. e4 Qc8 25. Be3 f5 26. Rf1 fxe4 27. fxe4 Ng4
28. Bd4 c6 0-1

[Event "2015 Calgary International"]
[Site "Calgary"]
[Date "2015.08.01"]
[Round "6.4"]
[White "Haessel, Dale"]
[Black "Kazmaier, Daniel"]
[Result "0-1"]
[WhiteElo "2180"]
[BlackElo "2198"]
[PlyCount "70"]
[EventDate "2015.07.29"]
[EventType "swiss"]
[EventRounds "9"]
[EventCountry "CAN"]

1. d4 d6 2. Nf3 g6 3. g3 Bg7 4. Bg2 e5 5. c4 Nc6 6. Bg5 f6 7. Be3 Nh6 8. d5 Ne7
9. Nc3 O-O 10. h4 Ng4 11. Bd2 h6 12. Nh2 Nxh2 13. Rxh2 f5 14. Qc2 Bd7 15. f4 e4
16. h5 gxh5 17. Rxh5 Qe8 18. Rh2 Qg6 19. Kf2 Kf7 20. Rg1 h5 21. e3 Ng8 22. Bh3
Ke7 23. Ne2 Nf6 24. Bc3 Rh8 25. Rhh1 Rag8 26. Ke1 Rh6 27. Qd2 Qh7 28. Nd4 Bh8
29. Bf1 h4 30. Rh3 hxg3 31. Rhxg3 Rxg3 32. Rxg3 Rh1 33. Ne2 Qh4 34. Bxf6+ Bxf6
35. Kf2 Qh2+ 0-1

[Event "2015 Calgary International"]
[Site "Calgary"]
[Date "2015.08.01"]
[Round "6.5"]
[White "Kostadinov, Georgi"]
[Black "Gardner, Robert"]
[Result "0-1"]
[WhiteElo "2089"]
[BlackElo "2138"]
[PlyCount "146"]
[EventDate "2015.07.29"]
[EventType "swiss"]
[EventRounds "9"]
[EventCountry "CAN"]

1. d4 Nf6 2. c4 e6 3. Nf3 b6 4. g3 Ba6 5. Qa4 Be7 6. Bg2 O-O 7. O-O d5 8. Ne5
c6 9. Nc3 Bxc4 10. Nxc4 dxc4 11. Qxc4 b5 12. Qd3 a6 13. a4 b4 14. Ne4 Ra7 15.
Bf4 Nd5 16. Bxb8 Qxb8 17. Rfc1 Rc8 18. Nc5 a5 19. Rc2 Rd8 20. Qb3 e5 21. dxe5
Qxe5 22. Nd3 Qe6 23. Rac1 Rc7 24. Qc4 c5 25. e4 Nb6 26. Qxe6 fxe6 27. Nf4 Kf7
28. Bh3 Rc6 29. Bf1 e5 30. Nd5 Nxd5 31. Bc4 Rf6 32. Bxd5+ Kg6 33. Kg2 Rdf8 34.
Rf1 Rf3 35. Bc4 R3f6 36. Rd2 Rd6 37. Bd5 Rdf6 38. f3 Kh6 39. h4 g6 40. b3 Kg7
41. Rdf2 Bd6 42. Re2 Bc7 43. Rc2 Bb6 44. Bc4 Rd6 45. f4 Rdf6 46. fxe5 Rxf1 47.
Bxf1 Re8 48. Rd2 Rd8 49. Rf2 c4 50. Bxc4 Bxf2 51. Kxf2 Rd1 52. Kf3 Kf8 53. Kf4
h6 54. Kg4 Rh1 55. Bd5 Rf1 56. Bc4 Rf2 57. Bd5 Kg7 58. Bc4 h5+ 59. Kg5 Rf3 60.
e6 Rxg3+ 61. Kf4 Rg4+ 62. Ke5 Kf8 63. Kf6 Rxe4 64. Bd5 Re3 65. Bc6 Re2 66. Bb5
Rf2+ 67. Kxg6 Ke7 68. Kxh5 Kxe6 69. Kg4 Ke5 70. h5 Rg2+ 71. Kh3 Rc2 72. Kg4 Rc3
73. h6 Kf6 0-1

[Event "2015 Calgary International"]
[Site "Calgary"]
[Date "2015.08.01"]
[Round "6.6"]
[White "Piasetski, Leon"]
[Black "Ng, Gary"]
[Result "1-0"]
[WhiteElo "2289"]
[BlackElo "2194"]
[PlyCount "47"]
[EventDate "2015.07.29"]
[EventType "swiss"]
[EventRounds "9"]
[EventCountry "CAN"]

1. g3 Nf6 2. Bg2 e5 3. c4 g6 4. Nf3 Nc6 5. d4 d6 6. Nc3 Bg7 7. dxe5 Nxe5 8.
Nxe5 dxe5 9. Bg5 Qxd1+ 10. Rxd1 O-O 11. Nb5 c6 12. Nd6 Rb8 13. O-O Be6 14. b3
Rfd8 15. Nxb7 Rdc8 16. Nc5 Bg4 17. f3 Bf5 18. e4 Be6 19. Nxe6 fxe6 20. Bh3 Rd8
21. Bxe6+ Kf8 22. Be3 a5 23. Bc5+ Ke8 24. Bd6 1-0

[Event "2015 Calgary International"]
[Site "Calgary"]
[Date "2015.08.01"]
[Round "6.7"]
[White "Wang, Jeff"]
[Black "Ebrahim-Shirazi, Behrooz"]
[Result "1-0"]
[WhiteElo "1666"]
[BlackElo "2072"]
[PlyCount "69"]
[EventDate "2015.07.29"]
[EventType "swiss"]
[EventRounds "9"]
[EventCountry "CAN"]

1. e4 e6 2. d4 d5 3. Nd2 Nf6 4. e5 Nfd7 5. Ngf3 c5 6. c3 Nc6 7. Bd3 g6 8. O-O
Bg7 9. Re1 O-O 10. h4 cxd4 11. cxd4 Qb6 12. h5 Nxd4 13. Nxd4 Qxd4 14. Nf3 Qg4
15. hxg6 fxg6 16. a4 Nc5 17. Bb1 a5 18. Ra3 Bd7 19. Bc2 Rac8 20. g3 Na6 21. Kg2
Nb4 22. Bb1 Qc4 23. Rc3 Qa6 24. Rh1 Rxc3 25. bxc3 Nc6 26. Bh6 Qb6 27. Qd2 Rf7
28. Be3 d4 29. cxd4 Qb4 30. Qc2 Rxf3 31. Kxf3 Ne7 32. Rc1 Bxa4 33. Qc5 Bc6+ 34.
Be4 Nd5 35. Qxb4 1-0

[Event "2015 Calgary International"]
[Site "Calgary"]
[Date "2015.08.01"]
[Round "6.8"]
[White "Richardson, Kai"]
[Black "Collyer, Curt"]
[Result "1/2-1/2"]
[WhiteElo "1775"]
[BlackElo "2262"]
[PlyCount "61"]
[EventDate "2015.07.29"]
[EventType "swiss"]
[EventRounds "9"]
[EventCountry "CAN"]

1. d4 e6 2. c4 f5 3. Nc3 Nf6 4. g3 Be7 5. Bg2 O-O 6. e3 d6 7. Nf3 c6 8. O-O Qe8
9. d5 cxd5 10. cxd5 e5 11. Re1 Na6 12. Qb3 Kh8 13. h4 h6 14. Qc4 Bd7 15. b4 Qf7
16. Bb2 Ng4 17. a3 Bf6 18. Nh2 Rac8 19. Qb3 Nxh2 20. Kxh2 g5 21. hxg5 Qh5+ 22.
Kg1 hxg5 23. f3 Kg7 24. Kf2 Qf7 25. Rac1 Rh8 26. Rh1 Rxh1 27. Rxh1 Nc7 28. Rd1
Kg6 29. b5 Ne8 30. a4 Bd8 31. Ba3 1/2-1/2

[Event "2015 Calgary International"]
[Site "Calgary"]
[Date "2015.08.01"]
[Round "6.9"]
[White "Daniluk, Jim"]
[Black "Sklenka, Steve"]
[Result "1/2-1/2"]
[WhiteElo "1978"]
[BlackElo "1440"]
[PlyCount "97"]
[EventDate "2015.07.29"]
[EventType "swiss"]
[EventRounds "9"]
[EventCountry "CAN"]

1. d4 d5 2. Nf3 e6 3. c4 Nf6 4. g3 dxc4 5. Nc3 c6 6. Ne5 Bb4 7. Bg2 Nd5 8. Bd2
O-O 9. e4 Nb6 10. a3 Be7 11. Be3 f6 12. Nf3 N8d7 13. O-O Qc7 14. a4 a5 15. Qc2
Rd8 16. Rfd1 Kh8 17. Qe2 Qb8 18. d5 e5 19. Qd2 Nc5 20. Qe2 Qc7 21. d6 Rxd6 22.
Bxc5 Rxd1+ 23. Rxd1 Bxc5 24. Nd2 Be6 25. Bf1 Rd8 26. Qe1 h6 27. Be2 Rd7 28. Rc1
Bb4 29. Ra1 Qd8 30. Nf3 Bg4 31. Nxe5 fxe5 32. Bxg4 Rd2 33. Qe3 Qd4 34. Qf3 Bc5
35. Rf1 Nd7 36. Qf5 Qd6 37. Qf7 Nf6 38. Be2 Qf8 39. Qxc4 Rxb2 40. Kh1 Rb4 41.
Qd3 Rd4 42. Qc2 Qd8 43. Qb3 Bb4 44. f3 Rd2 45. Bc4 Qd4 46. Ne2 Qd8 47. Nc1 Rd4
48. Nd3 Qe7 49. Rb1 1/2-1/2

[Event "2015 Calgary International"]
[Site "Calgary"]
[Date "2015.08.01"]
[Round "6.10"]
[White "Yao, Sammy"]
[Black "Nguyen, Kim"]
[Result "1-0"]
[WhiteElo "2041"]
[BlackElo "2113"]
[PlyCount "137"]
[EventDate "2015.07.29"]
[EventType "swiss"]
[EventRounds "9"]
[EventCountry "CAN"]

1. c4 Nf6 2. g3 e6 3. Bg2 d5 4. Nf3 c6 5. O-O dxc4 6. a4 c5 7. Na3 Nc6 8. Nxc4
Be7 9. b3 Nd5 10. Bb2 Bf6 11. Nfe5 Nxe5 12. Bxe5 Bxe5 13. Nxe5 f6 14. e4 Ne7
15. Nc4 e5 16. Qh5+ Ng6 17. f4 Qd4+ 18. Kh1 exf4 19. gxf4 O-O 20. Rae1 Be6 21.
d3 Bf7 22. Qh3 Rad8 23. e5 Bxc4 24. dxc4 Nxf4 25. Qg3 Nxg2 26. exf6 Rxf6 27.
Qxg2 Rxf1+ 28. Rxf1 b6 29. Qf3 Qd7 30. Qe4 h6 31. Rg1 Re8 32. Qf3 Qe6 33. Qb7
Re7 34. Qa8+ Kh7 35. Qg2 Qe4 36. Qxe4+ Rxe4 37. Rg3 Re2 38. Kg1 Rb2 39. h4 h5
40. Re3 Kg6 41. Rg3+ Kf6 42. Rf3+ Kg6 43. Rg3+ Kh6 44. Re3 g6 45. Rd3 Kg7 46.
Rf3 Rd2 47. Re3 Kf6 48. Rf3+ Ke6 49. Rg3 Kf5 50. Rg5+ Kf6 51. Rg3 Rd4 52. Rf3+
Ke6 53. Re3+ Kf6 54. Rf3+ Ke5 55. Rf7 a5 56. Rb7 Rd6 57. Kg2 Kf4 58. Re7 Rd2+
59. Kf1 Rd6 60. Kg2 Kg4 61. Re4+ Kf5 62. Re3 Kf4 63. Rg3 Re6 64. Rg5 Rd6 65.
Kf2 Rd2+ 66. Ke1 Rb2 67. Rxg6 Rxb3 68. Rg5 Ke3 69. Rg3+ 1-0

[Event "2015 Calgary International"]
[Site "Calgary"]
[Date "2015.08.02"]
[Round "7.1"]
[White "Lenderman, Aleksandr"]
[Black "Roiz, Michael"]
[Result "1/2-1/2"]
[WhiteElo "2623"]
[BlackElo "2595"]
[PlyCount "200"]
[EventDate "2015.07.29"]
[EventType "swiss"]
[EventRounds "9"]
[EventCountry "CAN"]

1. d4 Nf6 2. c4 g6 3. Nc3 d5 4. Bf4 Bg7 5. e3 c5 6. dxc5 Qa5 7. Rc1 dxc4 8.
Bxc4 O-O 9. Nf3 Qxc5 10. Bb3 Qa5 11. O-O Nc6 12. h3 Bf5 13. Bc4 Rad8 14. Qb3
Qb4 15. a3 Qxb3 16. Bxb3 Ne4 17. Na4 h6 18. Rfd1 g5 19. Bh2 b5 20. Nc3 Nxc3 21.
bxc3 Na5 22. Bd5 Nc4 23. e4 Bg6 24. Nd4 e6 25. Bxc4 bxc4 26. f3 Rd7 27. Kf2
Rfd8 28. Ke2 f5 29. Nxe6 Rxd1 30. Rxd1 Rxd1 31. Kxd1 Bxc3 32. exf5 Bxf5 33. Nc5
Bb2 34. a4 Bd4 35. Ne4 Bd7 36. a5 c3 37. Bd6 Ba4+ 38. Ke2 Bb5+ 39. Kd1 Bf1 40.
g4 Bxh3 41. Kc2 Bg2 42. Kd3 Bg1 43. Ke2 c2 44. Ba3 Bd4 45. Kd3 Be5 46. Nd2 a6
47. Kxc2 Bf4 48. Kd3 Bxd2 49. Kxd2 Bxf3 50. Ke3 Bxg4 51. Kf2 Kf7 52. Bc1 Bd7
53. Kg3 Ke6 54. Bd2 Kf5 55. Be3 h5 56. Bd2 h4+ 57. Kh2 g4 58. Be1 g3+ 59. Bxg3
hxg3+ 60. Kxg3 Ke4 61. Kf2 Bg4 62. Ke1 Kd3 63. Kf2 Bh5 64. Kf1 Kd2 65. Kf2 Be2
66. Kg1 Ke3 67. Kg2 Bd3 68. Kg1 Kf3 69. Kh2 Kf2 70. Kh1 Be4+ 71. Kh2 Bf3 72.
Kh3 Kg1 73. Kg3 Bg2 74. Kh4 Kf2 75. Kg4 Bf1 76. Kf4 Be2 77. Ke4 Ke1 78. Ke3 Bb5
79. Kf3 Kd2 80. Kf2 Be2 81. Kg1 Ke3 82. Kg2 Bb5 83. Kg1 Kf3 84. Kh2 Kf2 85. Kh1
Bc6+ 86. Kh2 Bb7 87. Kh3 Kg1 88. Kg3 Bg2 89. Kh4 Kf2 90. Kg4 Ke3 91. Kg3 Bd5
92. Kg4 Kd4 93. Kf4 Be4 94. Kg3 Kc3 95. Kf4 Kd3 96. Kg3 Ke3 97. Kh3 Kf2 98. Kh2
Bc6 99. Kh3 Kg1 100. Kg3 Bg2 1/2-1/2

[Event "2015 Calgary International"]
[Site "Calgary"]
[Date "2015.08.02"]
[Round "7.2"]
[White "Shabalov, Alexander"]
[Black "Kazmaier, Daniel"]
[Result "0-1"]
[WhiteElo "2538"]
[BlackElo "2198"]
[PlyCount "72"]
[EventDate "2015.07.29"]
[EventType "swiss"]
[EventRounds "9"]
[EventCountry "CAN"]

1. Nf3 d6 2. d4 f5 3. g3 Nf6 4. Bg2 g6 5. c4 Bg7 6. Nc3 O-O 7. O-O Nc6 8. d5
Na5 9. Qd3 c5 10. Bd2 a6 11. Ng5 b5 12. b3 Ng4 13. f4 b4 14. Na4 Bxa1 15. Rxa1
Nf6 16. Re1 Qc7 17. Bc1 Bd7 18. Bb2 Rae8 19. h3 Bxa4 20. bxa4 Qd7 21. e4 Qxa4
22. exf5 Qxa2 23. Qe2 Nxc4 24. Qe6+ Kh8 25. Ba1 b3 26. Bc3 Qc2 27. Nxh7 Qxc3
28. Nxf8 Rxf8 29. fxg6 Ng8 30. Kh2 Rf6 31. Qe4 Qc2 32. Qf3 Rxg6 33. Re2 Nd2 34.
Qh5+ Rh6 35. Qg5 Rh7 36. f5 b2 0-1

[Event "2015 Calgary International"]
[Site "Calgary"]
[Date "2015.08.02"]
[Round "7.3"]
[White "Mikhalevski, Victor"]
[Black "Gardner, Robert"]
[Result "1-0"]
[WhiteElo "2526"]
[BlackElo "2138"]
[PlyCount "61"]
[EventDate "2015.07.29"]
[EventType "swiss"]
[EventRounds "9"]
[EventCountry "CAN"]

1. Nf3 Nf6 2. g3 b5 3. Bg2 Bb7 4. d3 d5 5. O-O e6 6. Nbd2 Be7 7. e4 O-O 8. exd5
Bxd5 9. c4 Bb7 10. Nb3 bxc4 11. Na5 Bd5 12. dxc4 Be4 13. Ne5 Bxg2 14. Kxg2 Qd6
15. Qe2 Qb6 16. Bd2 Rd8 17. Qf3 Rxd2 18. Qxa8 Bf8 19. Nb3 Rxb2 20. Rab1 Rxa2
21. c5 Qb4 22. Na1 Rb2 23. Nc2 Qb3 24. Nd4 Qa2 25. Rxb2 Qxb2 26. Ndf3 Nd5 27.
Kg1 f6 28. Nc6 Nd7 29. Qe8 Nxc5 30. Nd8 h6 31. Nxe6 1-0

[Event "2015 Calgary International"]
[Site "Calgary"]
[Date "2015.08.02"]
[Round "7.4"]
[White "Wang, Jeff"]
[Black "Piasetski, Leon"]
[Result "1/2-1/2"]
[WhiteElo "1666"]
[BlackElo "2289"]
[PlyCount "69"]
[EventDate "2015.07.29"]
[EventType "swiss"]
[EventRounds "9"]
[EventCountry "CAN"]

1. e4 c5 2. Nf3 Nc6 3. d4 cxd4 4. Nxd4 Qb6 5. Nb3 Nf6 6. Nc3 e6 7. Be3 Qc7 8.
f3 Bb4 9. Qd2 a6 10. g4 h6 11. O-O-O Ne5 12. Be2 d5 13. exd5 Nxd5 14. Bd4 O-O
15. Kb1 Nxc3+ 16. Bxc3 Bxc3 17. Qxc3 Qxc3 18. bxc3 Ng6 19. c4 a5 20. Bd3 Nf4
21. Be4 Ra6 22. Ka1 f5 23. gxf5 exf5 24. Bd5+ Nxd5 25. cxd5 Rd8 26. Rd4 b5 27.
Rhd1 a4 28. Nc5 Rad6 29. Kb2 Kf7 30. Kc3 Ke7 31. Kb4 Rb6 32. Ka5 Rbd6 33. h4 g5
34. hxg5 hxg5 35. Re1+ 1/2-1/2

[Event "2015 Calgary International"]
[Site "Calgary"]
[Date "2015.08.02"]
[Round "7.5"]
[White "Yam, Alex"]
[Black "Humphreys, Michael"]
[Result "1-0"]
[WhiteElo "2306"]
[BlackElo "2207"]
[PlyCount "161"]
[EventDate "2015.07.29"]
[EventType "swiss"]
[EventRounds "9"]
[EventCountry "CAN"]

1. e4 c5 2. c3 g6 3. d4 cxd4 4. cxd4 d5 5. exd5 Nf6 6. Nc3 Bg7 7. Qb3 O-O 8.
Be2 Na6 9. Bg5 Qb6 10. Qxb6 axb6 11. Nf3 Nb4 12. O-O Nfxd5 13. a3 Nxc3 14. bxc3
Nd5 15. Rfc1 Rd8 16. c4 h6 17. Bd2 Nc7 18. Bb4 Bf6 19. Rab1 Bf5 20. Rb3 Ne6 21.
d5 Nf4 22. Bf1 b5 23. cxb5 Nxd5 24. Bd2 Kg7 25. h3 Be6 26. Bc4 Rdc8 27. Kh2 Rc5
28. Bxd5 Rxd5 29. Bc3 Rf5 30. Bxf6+ Kxf6 31. Rb2 Rxa3 32. Nd4 Re5 33. Nxe6 Rxe6
34. Rc7 b6 35. Rb4 Rd3 36. Rb7 Rd5 37. f3 Kg7 38. Kg3 f5 39. Rb2 Kf7 40. Rb8
Rd4 41. Rc2 Rb4 42. Rcc8 Rxb5 43. Rf8+ Kg7 44. Rg8+ Kf6 45. f4 Rd6 46. Rbf8+
Ke6 47. Rxg6+ Kd7 48. Rxd6+ Kxd6 49. Rh8 Rc5 50. Rxh6+ e6 51. Kh4 b5 52. g4
fxg4 53. hxg4 Ke7 54. Rh7+ Kf6 55. Rb7 Rc4 56. Kh5 Rxf4 57. g5+ Ke5 58. Rxb5+
Kd6 59. Rb7 e5 60. g6 Rf1 61. g7 Rh1+ 62. Kg6 Rg1+ 63. Kf7 Kc5 64. Rb1 Rxb1 65.
g8=Q Rb6 66. Qg1+ Kc6 67. Ke6 e4 68. Qd4 Kc7+ 69. Ke5 Rc6 70. Kxe4 Rd6 71. Qa7+
Kd8 72. Ke5 Rg6 73. Qb7 Rh6 74. Qb3 Ra6 75. Qb4 Rc6 76. Qb8+ Kd7 77. Qb7+ Rc7
78. Qb5+ Ke7 79. Qb4+ Kd8 80. Kd6 Rc8 81. Qh4+ 1-0

[Event "2015 Calgary International"]
[Site "Calgary"]
[Date "2015.08.02"]
[Round "7.6"]
[White "Collyer, Curt"]
[Black "Haessel, Dale"]
[Result "1-0"]
[WhiteElo "2262"]
[BlackElo "2180"]
[PlyCount "113"]
[EventDate "2015.07.29"]
[EventType "swiss"]
[EventRounds "9"]
[EventCountry "CAN"]

1. d4 Nf6 2. c4 g6 3. Nc3 d5 4. Nf3 Bg7 5. Bg5 Ne4 6. Bh4 Nxc3 7. bxc3 dxc4 8.
e3 b5 9. a4 c6 10. Qb1 a6 11. Be2 Nd7 12. O-O Nb6 13. Ne5 Bxe5 14. dxe5 O-O 15.
axb5 cxb5 16. Bf3 Ra7 17. Qb4 Qc7 18. Bg3 Be6 19. Rfd1 Na4 20. h4 a5 21. Qa3 h5
22. Rab1 Rb8 23. Bd5 Qc5 24. Qxa4 Bxd5 25. Qc2 Be6 26. e4 b4 27. Qc1 b3 28. Qg5
a4 29. Bf4 Ra5 30. Be3 Qxe5 31. Qxe7 Qxe4 32. Rd8+ Rxd8 33. Qxd8+ Kh7 34. Bd4
Re5 35. Rf1 b2 36. Qb8 Bd5 37. f3 Re8 38. Qxb2 Qxh4 39. Qb5 Qd8 40. Bb6 Qa8 41.
Ra1 Rb8 42. Qc5 Be6 43. Qe3 a3 44. Bd4 Rb5 45. Qf4 Rf5 46. Qc7 Rb5 47. Qe7 a2
48. Qf6 Rb1+ 49. Kh2 Qf8 50. Rxa2 Rb8 51. Ra7 Re8 52. Kg1 Bd5 53. Kf2 Kh6 54.
g4 Rd8 55. gxh5 Qd6 56. Be3+ Kh7 57. Rxf7+ 1-0